Loading...
| Fine Arts - Other | 1 | 4 | 0 | 3 | 55 | 74 | 113.60 | 1 | 3 | 0.00 | 0.00 |
| History - European | 2 | 2 | 0 | 1 | 50 | 70 | 91.75 | 0 | 2 | 0.00 | 0.00 |
| Science - Chemistry | 1 | 3 | 0 | 1 | 45 | 68 | 99.25 | 2 | 4 | 0.00 | 0.00 |
| Literature - World | 2 | 1 | 0 | 0 | 40 | 70 | 80.33 | 0 | 1 | 0.00 | 0.00 |
| Literature - British | 0 | 4 | 0 | 1 | 40 | 76 | 93.50 | 1 | 3 | 0.00 | 0.00 |
| Literature - European | 1 | 2 | 0 | 2 | 35 | 50 | 95.00 | 1 | 3 | 0.00 | 0.00 |
| Science - Biology | 1 | 1 | 0 | 0 | 25 | 62 | 69.00 | 1 | 2 | 0.00 | 0.00 |
| Philosophy | 0 | 2 | 0 | 1 | 20 | 84 | 104.00 | 1 | 1 | 0.00 | 0.00 |
| Fine Arts - Auditory | 0 | 2 | 0 | 0 | 20 | 87 | 91.50 | 0 | 1 | 0.00 | 0.00 |
| Religion | 0 | 2 | 1 | 1 | 15 | 97 | 105.50 | 0 | 1 | 0.00 | 0.00 |
| Pop Culture | 1 | 0 | 0 | 0 | 15 | 47 | 47.00 | 1 | 1 | 0.00 | 0.00 |
| Science - Physics | 0 | 1 | 0 | 0 | 10 | 86 | 86.00 | 0 | 1 | 0.00 | 0.00 |
| History - American | 0 | 1 | 0 | 0 | 10 | 95 | 95.00 | 0 | 0 | 0.00 | 0.00 |
| Mythology | 0 | 1 | 0 | 0 | 10 | 88 | 88.00 | 0 | 0 | 0.00 | 0.00 |
| Science - Other | 0 | 1 | 0 | 0 | 10 | 96 | 96.00 | 0 | 1 | 0.00 | 0.00 |
| Current Events | 0 | 1 | 0 | 0 | 10 | 72 | 72.00 | 0 | 1 | 0.00 | 0.00 |
| Fine Arts - Visual | 0 | 1 | 1 | 0 | 5 | 145 | 145.00 | 0 | 0 | 0.00 | 0.00 |
| History - World | 0 | 1 | 1 | 0 | 5 | 100 | 100.00 | 0 | 0 | 0.00 | 0.00 |
| History - Other | 0 | 0 | 1 | 0 | -5 | 0.00 | 0 | 0 | 0.00 | 0.00 | |
| Literature - American | 0 | 0 | 1 | 0 | -5 | 0.00 | 0 | 0 | 0.00 | 0.00 |